000 00293nam a2200109Ia 4500
008 190216s9999||||xx |||||||||||||| ||und||
100 _aEdwin Miose
245 0 _aElementary Geometry From An Advanced Stand Point
260 _bAdison Wesley Publishing Co.
650 _aMathematics
942 _cBK
999 _c30410
_d30410